MARC

LEADER 00000nam0a2200000 4500
001 127070
005 20231031132105.0
035 |a (RuTPU)RU\TPU\book\137454 
090 |a 127070 
100 |a 20071207d1970 km y0rusy50 ca 
101 0 |a rus 
102 |a RU 
105 |a a z 001zy 
200 1 |a Вопросы защиты от ионизирующих излучений в радиационной химии  |f А. В. Быховский, А. В. Ларичев, Е. Д. Чистов 
210 |a Москва  |c Атомиздат  |d 1970 
215 |a 280 с.  |c ил. 
320 |a Библиогр.: с. 262-275. 
610 1 |a защита от ионизирующих излучений 
610 1 |a радиационная химия 
610 1 |a применение 
610 1 |a классификация 
675 |a 621.039.58  |v 3 
700 1 |a Быховский  |b А. В.  |g Александр Владимирович 
701 1 |a Ларичев  |b А. В.  |g Анатолий Васильевич 
701 1 |a Чистов  |b Е. Д.  |g Евгений Дмитриевич 
801 1 |a RU  |b 63413507  |c 20071207  |g PSBO 
801 2 |a RU  |b 63413507  |c 20140714  |g PSBO 
942 |c BK